000 00833nam a22002417a 4500
003 BUBTL
008 211010b ||||| |||| 00| 0 eng d
020 _a0787947601
082 _a001.3071173/ N3311a / 2000
100 _aNelson, Michael
245 _aAlive at the Core
_bexemplary approaches to general education in the humanities/
_cMichael Nelson
250 _a1st Edn.
260 _aUnited State:
_bJossey-Bass,
_cc2000.
300 _axxxi, 375p.:
_bill.
_c; 27c.
500 _aIncludes Indes.
505 _aAlive at the core, programs and Issues Columbia Collage St. John's College Heritage program at Millsape Collage
521 _aCSE, English, Law
546 _aEnglish
600 _aAssociates
_94264
650 _aEducation, Higher Education, Research, English
856 _k0
_l0
_yDownload
942 _2ddc
_cBK
999 _c6555
_d6555